[Event "Manila ol (Men)"]
[Site "Manila"]
[Date "1992.??.??"]
[Round "?"]
[White "Sokolov, Ivan"]
[Black "Ribli, Zoltan"]
[Result "1-0"]
[WhiteElo "2630"]
[BlackElo "2595"]

1.d4 Nf6 2.c4 e6 3.Nc3 Bb4 4.Qc2 O-O 5.Nf3 c5 6.dxc5 Na6 7.Bg5 Nxc5 8.Nd2 h6
9.Bh4 d5 10.cxd5 g5 11.Bg3 exd5 12.a3 Bxc3 13.Qxc3 b6 14.e3 Re8 15.Be5 Nfe4
16.Nxe4 Nxe4 17.Qd4 Qe7 18.Bg3 h5 19.Bb5 Bd7 20.Bxd7 Qxd7 21.f3 Nc5 22.Rd1 Rad8
23.h4 Qf5 24.hxg5 Qxg5 25.Kf2 Qg6 26.Bh4 Nb3 27.Qd3 Rc8 28.Qxg6+ fxg6 29.Rxd5 Rc2+
30.Kg3 Rxe3 31.Rd8+ Kf7 32.Rd7+ Ke8 33.Rhd1 Nc5 34.Rxa7 Nd3 35.Bf6 h4+ 36.Bxh4 Ree2
37.Rxd3 Rxg2+ 38.Kh3 Rh2+ 39.Kg4  1-0

[Event "Manila ol (Men)"]
[Site "Manila"]
[Date "1992.??.??"]
[Round "?"]
[White "Reyes, Juan"]
[Black "Ribli, Zoltan"]
[Result "1/2-1/2"]
[WhiteElo "2415"]
[BlackElo "2595"]

1.e4 c5 2.Nf3 d6 3.c3 Nf6 4.h3 g6 5.Bd3 Bg7 6.Bc2 Nc6 7.O-O O-O 8.a3 c4 9.Qe2 Na5
10.d4 cxd3 11.Qxd3 Be6 12.Nbd2 Rc8 13.Nd4 Bd7 14.Rd1 Qc7 15.N2f3 a6 16.Ne1 Rfd8
17.Qg3 b5 18.Qh4 Qb7 19.Ndf3 Nc4 20.Rb1 Rc5 21.Bg5 h6 22.Bxf6 Rh5 23.Qxh5 gxh5
24.Bxe7 Re8 25.Bh4 Ne5 26.Bg3 Nxf3+ 27.Nxf3 Bc6 28.Rxd6 Bf8 29.Rd2 Bxe4 30.Re1 Bc6
31.Rxe8 Bxe8 32.Rd8 Qe7 33.Rb8 Bc6 34.Nd4 h4 35.Nxc6 Qe1+ 36.Kh2 hxg3+ 37.fxg3 Kg7
38.Nd4 Bc5 39.Rb7 Bxd4 40.cxd4 Qe6 41.Bd1 Qd5 42.Rc7 Qxd4 43.Bb3 Qxb2 44.Rxf7+ Kg6
45.Rf3 a5 46.a4  1/2-1/2

[Event "Manila ol (Men)"]
[Site "Manila"]
[Date "1992.??.??"]
[Round "?"]
[White "Ribli, Zoltan"]
[Black "Yermolinsky, Alex"]
[Result "1/2-1/2"]
[WhiteElo "2595"]
[BlackElo "2595"]

1.Nf3 Nf6 2.c4 g6 3.g3 Bg7 4.Bg2 O-O 5.O-O c6 6.b3 Ne4 7.d4 d5 8.Bb2 Bf5
9.Nc3 dxc4 10.bxc4 c5 11.Na4 cxd4 12.Nxd4 Bxd4 13.Bxd4 Nc6 14.Be3 Qxd1 15.Rfxd1 Nd6
16.Rac1 Rfd8 17.h3 Rac8 18.g4 Be6 19.Nc5 Nxc4 20.Rxd8+ Nxd8 21.Nxe6 Nxe6
22.Bxa7 Ra8 23.Rxc4 Rxa7 24.Bd5 Ra5  1/2-1/2

[Event "GER CupT"]
[Site "Germany"]
[Date "1993.??.??"]
[Round "?"]
[White "Ribli, Zoltan"]
[Black "Mueller, Karsten"]
[Result "1/2-1/2"]
[WhiteElo "2620"]
[BlackElo "2490"]

1.c4 e6 2.Nf3 d5 3.d4 c6 4.Qc2 Nf6 5.g3 Nbd7 6.Bg2 Bd6 7.O-O O-O 8.Rd1 Qe7
9.Nbd2 Re8 10.b3 e5 11.cxd5 cxd5 12.dxe5 Nxe5 13.Bb2 Bg4 14.Bd4 Ne4 15.Rf1  1/2-1/2

[Event "GER CupT"]
[Site "Germany"]
[Date "1993.??.??"]
[Round "?"]
[White "Ribli, Zoltan"]
[Black "Hickl, Joerg"]
[Result "1/2-1/2"]
[WhiteElo "2620"]
[BlackElo "2540"]

1.Nf3 d6 2.d4 Nf6 3.c4 Nbd7 4.Nc3 c6 5.e4 e5 6.Be2 Be7 7.O-O O-O 8.Be3 a6
9.d5 cxd5 10.cxd5 Ng4 11.Bc1 b5 12.Nd2 Ngf6 13.b4 Nb6 14.a4 bxa4 15.Nxa4 Nxa4
16.Qxa4 Bd7 17.Qb3  1/2-1/2

[Event "Groningen PCA"]
[Site "Groningen"]
[Date "1993.??.??"]
[Round "2"]
[White "Ribli, Zoltan"]
[Black "Wolff, Patrick G"]
[Result "1-0"]
[WhiteElo "2610"]
[BlackElo "2585"]

1.d4 Nf6 2.Nf3 g6 3.c4 Bg7 4.g3 d5 5.cxd5 Nxd5 6.Bg2 Nb6 7.Nc3 Nc6 8.e3 O-O
9.O-O Re8 10.d5 Na5 11.Nd4 Bd7 12.e4 c5 13.Nb3 Na4 14.Qc2 Nxc3 15.bxc3 Ba4
16.Qb2 Qb6 17.Rb1 Nc4 18.Qa1 Qc7 19.Bf4 Qc8 20.Rfe1 b6 21.Rbd1 e6 22.Qc1 exd5
23.exd5 Qd7 24.h4 Rxe1+ 25.Rxe1 Re8 26.Rxe8+ Qxe8 27.h5 Qe7 28.Nd2 Nxd2 29.Qxd2 Bd7
30.Bb8 Qd8 31.Bf4 Qf6 32.h6 Bf8 33.d6 g5 34.Bxg5 Qxd6 35.Bd5 Qg6 36.Bf4 Qb1+
37.Kh2 Qf5 38.c4 Be7 39.f3 Bf6 40.g4 Qg6 41.Be4  1-0

[Event "Groningen PCA"]
[Site "Groningen"]
[Date "1993.??.??"]
[Round "6"]
[White "Ribli, Zoltan"]
[Black "Serper, Grigory"]
[Result "1/2-1/2"]
[WhiteElo "2610"]
[BlackElo "2575"]

1.Nf3 d5 2.d4 Nf6 3.c4 e6 4.Nc3 Bb4 5.Bg5 h6 6.Bxf6 Qxf6 7.e3 O-O 8.Rc1 dxc4
9.Bxc4 c5 10.dxc5 Bxc5 11.O-O Qe7 12.Ne4 Rd8 13.Qc2 Bb6 14.a3 Bd7 15.Ba2 Be8
16.Bb1 Nd7 17.h3 Nf8 18.Rfd1 Rxd1+ 19.Rxd1 Rd8 20.Rxd8 Bxd8 21.Nd4 Qd7 22.b4 Be7
23.Ba2 b6 24.Bc4 Qc7 25.Qc3 Qb7  1/2-1/2

[Event "Groningen PCA"]
[Site "Groningen"]
[Date "1993.??.??"]
[Round "11"]
[White "Azmaiparashvili, Zurab"]
[Black "Ribli, Zoltan"]
[Result "1/2-1/2"]
[WhiteElo "2630"]
[BlackElo "2610"]

1.d4 d5 2.c4 c6 3.Nc3 Nf6 4.Nf3 dxc4 5.a4 Bf5 6.Nh4 e6 7.Nxf5 exf5 8.e3 Bb4
9.Bxc4 O-O 10.O-O Nbd7 11.Qf3 g6 12.h3 Kg7 13.Rd1 h5 14.Bd2 a5 15.Rac1 Qe7
16.Bb3 Rfd8 17.Qf4 Nf8 18.Be1 Ne6 19.Qf3 Rd7 20.d5 Nc5 21.Bc2 cxd5 22.Nxd5 Rxd5
23.Rxd5 Nxd5 24.Qxd5 Rd8 25.Qc4 Bxe1 26.Rxe1 Qe5 27.b4 axb4 28.Qxb4 Rd7 29.Rb1 Ne4
30.Bxe4 fxe4 31.h4 Qf5 32.Qb2+ Kh7 33.Kh2 Rd6 34.Qxb7 Rd2 35.Rf1 Ra2 36.f3 Kg7
37.Kg1 exf3 38.Rxf3 Ra1+ 39.Kh2 Rb1 40.Qc7 Qd5 41.e4 Qa2 42.Qe5+ Kh7 43.a5 Rb2
44.Qg3 Re2 45.Rf4 Kg8 46.Rf5 Rxe4 47.Rxh5 Qa4 48.a6 Re8 49.Rg5 Qxa6 50.h5 Re6
51.Rd5 Qc6 52.Rd8+ Re8 53.Rd6 Qc5 54.Rxg6+ fxg6 55.Qxg6+ Kf8 56.Qf6+ Kg8
57.Qg6+ Kf8 58.Qf6+  1/2-1/2

[Event "Odorheiu Secuiesc"]
[Site "Odorheiu Secuiesc"]
[Date "1993.??.??"]
[Round "6"]
[White "Wells, Peter K"]
[Black "Ribli, Zoltan"]
[Result "1/2-1/2"]
[WhiteElo "2485"]
[BlackElo "2620"]

1.d4 Nf6 2.c4 e6 3.Nf3 d5 4.Nc3 dxc4 5.e4 Bb4 6.Bg5 c5 7.Bxc4 cxd4 8.Nxd4 Bxc3+
9.bxc3 Qa5 10.Bb5+ Bd7 11.Bxf6 gxf6 12.Bxd7+ Nxd7 13.O-O a6 14.Rb1 Qc7 15.Qh5 Nc5  1/2-1/2

[Event "Odorheiu Secuiesc"]
[Site "Odorheiu Secuiesc"]
[Date "1993.??.??"]
[Round "11"]
[White "Ribli, Zoltan"]
[Black "Ibragimov, Ildar"]
[Result "1/2-1/2"]
[WhiteElo "2620"]
[BlackElo "2540"]

1.c4 e5 2.Nc3 Nc6 3.g3 g6 4.Bg2 Bg7 5.d3 d6 6.e4 f5 7.Nge2 Nf6 8.O-O O-O
9.Nd5 Be6 10.Bg5 Qd7 11.Qd2 Nh5 12.exf5 Bxf5 13.Rae1 Rf7 14.b4 Bh3 15.Bxh3 Qxh3
16.b5 Nd8 17.f4 Ne6 18.fxe5 Raf8 19.Rxf7 Rxf7 20.Bf6 dxe5 21.Bxg7  1/2-1/2

[Event "Rubinstein mem"]
[Site "Polanica Zdroj"]
[Date "1993.??.??"]
[Round "1"]
[White "Romanishin, Oleg M"]
[Black "Ribli, Zoltan"]
[Result "1-0"]
[WhiteElo "2615"]
[BlackElo "2610"]

1.d4 Nf6 2.Nf3 d5 3.c4 e6 4.g3 Bb4+ 5.Bd2 Be7 6.Bg2 O-O 7.O-O c6 8.Qb3 b6
9.Nc3 Bb7 10.Rac1 Nbd7 11.cxd5 cxd5 12.Bf4 Nh5 13.Be5 f6 14.Bc7 Qxc7 15.Nxd5 Qd6
16.Nxe7+ Qxe7 17.Rc7 Bd5 18.Qb5 Rfd8 19.e4 Bxe4 20.Qxh5 Qd6 21.Rfc1 a6 22.Nh4 Bxg2
23.Nxg2 e5 24.Nh4 g6 25.Nxg6 hxg6 26.Qxg6+ Kh8 27.dxe5  1-0

[Event "Rubinstein mem"]
[Site "Polanica Zdroj"]
[Date "1993.??.??"]
[Round "2"]
[White "Ribli, Zoltan"]
[Black "Andersson, Ulf"]
[Result "1/2-1/2"]
[WhiteElo "2610"]
[BlackElo "2625"]

1.d4 Nf6 2.c4 e6 3.Nf3 Bb4+ 4.Nbd2 b6 5.a3 Bxd2+ 6.Bxd2 Bb7 7.Bg5 d6 8.e3 Nbd7
9.Be2 O-O 10.O-O Re8 11.Nd2 c5 12.b4 Qc7 13.Rc1 Ne4 14.Nxe4 Bxe4 15.Qd2 Nf8
16.f3 Bb7 17.e4 e5 18.d5 Bc8 19.Bd3 Ng6 20.bxc5 bxc5 21.Rb1 Bd7 22.Rb2 f6
23.Be3 Reb8 24.Rfb1 Rb6 25.Qc1 Rab8 26.Bd2 Rxb2 27.Rxb2 Rxb2 28.Qxb2 Qb6
29.Qxb6 axb6 30.Bc2 Kf7 31.a4 Ke7 32.a5 bxa5 33.Bxa5 Nf4 34.Kf2 g5 35.g3  1/2-1/2

[Event "Rubinstein mem"]
[Site "Polanica Zdroj"]
[Date "1993.??.??"]
[Round "3"]
[White "Hickl, Joerg"]
[Black "Ribli, Zoltan"]
[Result "1/2-1/2"]
[WhiteElo "2570"]
[BlackElo "2610"]

1.c4 Nf6 2.Nc3 e6 3.Nf3 Bb4 4.Qb3 c5 5.a3 Bxc3 6.Qxc3 O-O 7.g3 b6 8.Bg2 Bb7
9.O-O d6 10.d3 Qc7 11.Bg5 Nfd7 12.e4 Nc6 13.Rad1 Nde5 14.Nxe5 dxe5 15.Be3  1/2-1/2

[Event "Rubinstein mem"]
[Site "Polanica Zdroj"]
[Date "1993.??.??"]
[Round "5"]
[White "Gdanski, Jacek"]
[Black "Ribli, Zoltan"]
[Result "0-1"]
[WhiteElo "2485"]
[BlackElo "2610"]

1.e4 c5 2.Nc3 e6 3.Nf3 a6 4.g3 d6 5.d4 cxd4 6.Nxd4 Nf6 7.Bg2 Be7 8.O-O Qc7
9.f4 O-O 10.Be3 Nc6 11.Nxc6 bxc6 12.Na4 Bb7 13.c4 c5 14.Nc3 Nd7 15.g4 Bf6
16.Bd2 g6 17.g5 Bg7 18.Qg4 Rae8 19.Rae1 f5 20.gxf6 Nxf6 21.Qh3 Nh5 22.Qd3 Qe7
23.Be3 Bh6 24.Ne2 Rf7 25.Rf2 d5 26.Ref1 Nf6 27.h3 Nxe4 28.Bxe4 dxe4 29.Qa3 Bf8
30.Rd1 Qh4 31.Bxc5 e3 32.Qxe3 Bxc5 33.Qxc5 Qxh3 34.Rh2 Qg4+ 35.Kf1 Rxf4+
36.Ke1 Rxc4 37.Qb6 Qe4 38.Rd8 Rc8 39.Rxe8+ Rxe8 40.Qc7 h5 41.Rf2 Rf8  0-1

[Event "Rubinstein mem"]
[Site "Polanica Zdroj"]
[Date "1993.??.??"]
[Round "8"]
[White "Markowski, Tomasz"]
[Black "Ribli, Zoltan"]
[Result "1/2-1/2"]
[WhiteElo "2465"]
[BlackElo "2610"]

1.e4 c5 2.Nc3 e6 3.Nge2 Nc6 4.g3 a6 5.Bg2 Nf6 6.O-O Qc7 7.d3 d6 8.h3 b5 9.a3 Bb7
10.Be3 Be7 11.f4 Rd8 12.f5 Ne5 13.fxe6 fxe6 14.Nf4 Qc8 15.g4 h6 16.Nce2 O-O
17.Ng3 Rf7 18.Qe2 Rdf8  1/2-1/2

[Event "Rubinstein mem"]
[Site "Polanica Zdroj"]
[Date "1993.??.??"]
[Round "9"]
[White "Ribli, Zoltan"]
[Black "Dolmatov, Sergey"]
[Result "1/2-1/2"]
[WhiteElo "2610"]
[BlackElo "2630"]

1.Nf3 Nf6 2.c4 g6 3.g3 Bg7 4.Bg2 O-O 5.O-O c6 6.d4 d5 7.Nbd2 Bf5 8.b3 Nbd7
9.Bb2 Ne4 10.Nh4 Nxd2 11.Qxd2 Nf6 12.cxd5 cxd5 13.Nxf5 gxf5  1/2-1/2

[Event "Tilburg rapid20"]
[Site "Tilburg"]
[Date "1993.??.??"]
[Round "1"]
[White "Ribli, Zoltan"]
[Black "Hellers, Ferdinand"]
[Result "1/2-1/2"]
[WhiteElo "2610"]
[BlackElo "2560"]

1.c4 Nf6 2.Nc3 g6 3.g3 c6 4.Bg2 d5 5.cxd5 cxd5 6.d4 Bg7 7.Nf3 O-O 8.Ne5 e6
9.O-O Nfd7 10.f4 Nc6 11.Be3 Nb6 12.Bf2 Ne7 13.Rc1 Bd7 14.Qb3 Bc6 15.a4 Nbc8
16.Rfd1 Nd6 17.e3 a6 18.Na2 Qd7 19.Nxc6 Nxc6 20.Nb4 Na5 21.Qa2 Qe7 22.b3 Rfc8
23.Be1 Nf5 24.Kf2  1/2-1/2

[Event "Tilburg blitz"]
[Site "Tilburg"]
[Date "1993.??.??"]
[Round "1"]
[White "Hellers, Ferdinand"]
[Black "Ribli, Zoltan"]
[Result "1-0"]
[WhiteElo "2560"]
[BlackElo "2610"]

1.e4 c5 2.Nf3 e6 3.d4 cxd4 4.Nxd4 Nc6 5.Nb5 d6 6.Bf4 e5 7.Be3 Nf6 8.Bg5 Be6
9.Nd2 Be7 10.Bxf6 Bxf6 11.Nc4 O-O 12.Qxd6 Qc8 13.c3 Bxc4 14.Bxc4 Qg4 15.O-O Rad8
16.Qc7 Qxe4 17.b3 Qg4 18.Qxb7 Na5 19.Qxa7 Nxc4 20.bxc4 Qxc4 21.a4 Ra8 22.Qc7 Rfc8
23.Qxc4 Rxc4 24.a5 e4 25.a6 h5 26.Rfb1 Kh7 27.a7 h4 28.Kf1 Rc6 29.Ra4 Rb6
30.c4 Rb7 31.c5 Bd8 32.Ke2  1-0

[Event "Tilburg"]
[Site "Tilburg"]
[Date "1993.??.??"]
[Round "1"]
[White "Ribli, Zoltan"]
[Black "Hellers, Ferdinand"]
[Result "1/2-1/2"]
[WhiteElo "2610"]
[BlackElo "2560"]

1.Nf3 Nf6 2.c4 g6 3.g3 Bg7 4.Bg2 d5 5.cxd5 Nxd5 6.O-O c5 7.d4 cxd4 8.Nxd4 O-O
9.Nc3 Nxc3 10.bxc3 Qa5 11.Qb3 Nc6 12.Be3 Qa6 13.Rab1 Nxd4 14.cxd4 Qxe2 15.Qa3 Bf6
16.Rfc1 Rd8 17.Rb2 Qh5 18.h4 Qg4 19.Rb4 Qe6 20.d5 Rxd5 21.Bxd5 Qxd5 22.Qb3 Be6
23.Rxb7 Qf3 24.Rb8+ Rxb8 25.Qxb8+ Kg7 26.Qf4 Qxf4 27.Bxf4 Bxa2 28.Rc7 a6
29.Rc6 h6 30.Rxa6 Bd5 31.Ra7 g5 32.hxg5 hxg5 33.Be3 Kg6 34.Bc5 e6 35.Be7 Be5
36.Ra6 f5 37.Bd6 Bxd6 38.Rxd6 f4 39.Kh2 Kf5 40.Rd8 Kg4 41.gxf4 gxf4 42.Kg1  1/2-1/2

[Event "Altensteig"]
[Site "Altensteig"]
[Date "1994.??.??"]
[Round "1"]
[White "Ribli, Zoltan"]
[Black "Almasi, Zoltan"]
[Result "1/2-1/2"]
[WhiteElo "2605"]
[BlackElo "2620"]

1.d4 Nf6 2.Nf3 e6 3.c4 b6 4.Nc3 Bb7 5.a3 d5 6.cxd5 Nxd5 7.Qc2 Nxc3 8.bxc3 Be7
9.e4 O-O 10.Bd3 c5 11.O-O cxd4 12.cxd4 Qc8 13.Qe2 Ba6 14.Rd1 Bxd3 15.Rxd3 Nd7
16.Bb2 Qa6 17.Rad1 Rfe8 18.h4 Qb5 19.g3 Rac8 20.Kg2 Qa4 21.R1d2 Bf8 22.Qe3 Rc2
23.Qf4 Rxd2 24.Nxd2 Qc2 25.Rf3 f6 26.Bc3 Rc8 27.Bb4 Bxb4 28.axb4 Qd1 29.Nb3 Nf8
30.h5 h6 31.e5 f5 32.g4 Nh7 33.gxf5 Ng5 34.Rg3 exf5 35.e6 Re8 36.Qxf5 Rf8
37.Qd5 Qe2 38.e7+ Rf7 39.e8=Q+ Qxe8 40.Nc1 Kh8 41.Nd3 Rd7 42.Re3 Qc8  1/2-1/2

[Event "Altensteig"]
[Site "Altensteig"]
[Date "1994.??.??"]
[Round "2"]
[White "Gabriel, Christian"]
[Black "Ribli, Zoltan"]
[Result "0-1"]
[WhiteElo "2545"]
[BlackElo "2605"]

1.d4 d5 2.c4 c6 3.Nf3 Nf6 4.Nc3 dxc4 5.a4 Bf5 6.e3 e6 7.Bxc4 Bb4 8.O-O Nbd7
9.Qe2 O-O 10.e4 Bg6 11.Bd3 a6 12.h3 h6 13.e5 Nd5 14.Nxd5 cxd5 15.Bxg6 fxg6
16.Qd3 g5 17.Nh2 Rf5 18.f4 Qb6 19.a5 Bxa5 20.fxg5 Nxe5 21.Qg3 Rxf1+ 22.Nxf1 Nc4
23.Rxa5 Nxa5 24.gxh6 Qxd4+ 25.Be3 Qxb2 26.Qg4 Qf6 27.Ng3 Nc4 28.Bg5 Ne5 29.Qh4 Ng6
30.Qh5 Qf7 31.hxg7 Rc8 32.Qg4 Rc4 33.Qe2 Kxg7 34.Nh5+ Kf8 35.Qb2 e5 36.Qb6 Rc6
37.Qd8+ Qe8 38.Qxd5 Nf4 39.Nxf4 exf4 40.Bxf4 Qe6 41.Qd8+ Kf7 42.h4 Rc5 43.Kh2 a5
44.Qd3 Rf5 45.Qf3 Qd5 46.Qe3 a4 47.g3 Qa2+ 48.Kh3 Qe6  0-1

[Event "Altensteig"]
[Site "Altensteig"]
[Date "1994.??.??"]
[Round "3"]
[White "Ribli, Zoltan"]
[Black "Bischoff, Klaus"]
[Result "1/2-1/2"]
[WhiteElo "2605"]
[BlackElo "2525"]

1.Nf3 d6 2.g3 g6 3.d4 Bg7 4.Bg2 c5 5.O-O cxd4 6.Nxd4 Qb6 7.Nb3 Qc7 8.Nc3 Bxc3
9.bxc3 Nf6 10.Qd4 Be6 11.Bh6 Nbd7 12.Rfb1 Rg8 13.Nc1 Nc5 14.Nd3 Nfd7 15.Be3 Rc8
16.Qh4 b6 17.Qxh7 Nf6 18.Qh4 Ncd7 19.Qa4 Bd5 20.Bd2  1/2-1/2

[Event "Altensteig"]
[Site "Altensteig"]
[Date "1994.??.??"]
[Round "4"]
[White "Dautov, Rustem"]
[Black "Ribli, Zoltan"]
[Result "1/2-1/2"]
[WhiteElo "2630"]
[BlackElo "2605"]

1.d4 Nf6 2.c4 e6 3.Nf3 d5 4.Bg5 dxc4 5.Qa4+ Nbd7 6.e4 Be7 7.Nbd2 O-O 8.Bxc4 Nb6
9.Qc2 Nxc4 10.Nxc4 h6 11.Bxf6 Bxf6 12.O-O-O b5 13.Nce5 Bb7 14.Rhe1 Bxe5 15.dxe5 Qe7
16.Kb1  1/2-1/2

[Event "Altensteig"]
[Site "Altensteig"]
[Date "1994.??.??"]
[Round "5"]
[White "Ribli, Zoltan"]
[Black "Zvjaginsev, Vadim"]
[Result "1/2-1/2"]
[WhiteElo "2605"]
[BlackElo "2585"]

1.c4 e6 2.Nc3 d5 3.d4 Bb4 4.Nf3 Nf6 5.Bg5 h6 6.Bxf6 Qxf6 7.e3 O-O 8.Qb3 c5
9.cxd5 exd5 10.dxc5 Bxc3+ 11.Qxc3 Qxc3+ 12.bxc3 Nd7 13.c6  1/2-1/2

[Event "Altensteig"]
[Site "Altensteig"]
[Date "1994.??.??"]
[Round "7"]
[White "Ribli, Zoltan"]
[Black "Bezold, Michael"]
[Result "1/2-1/2"]
[WhiteElo "2605"]
[BlackElo "2475"]

1.d4 d6 2.g3 g6 3.Nf3 Bg7 4.Bg2 Nf6 5.O-O O-O 6.c4 a6 7.Nc3 Nc6 8.d5 Na5
9.Nd2 c5 10.Qc2 Rb8 11.b3 b5 12.Rb1 e6 13.Bb2 Re8 14.e4 Bd7 15.Nd1 bxc4 16.dxe6  1/2-1/2

[Event "Altensteig"]
[Site "Altensteig"]
[Date "1994.??.??"]
[Round "8"]
[White "Ribli, Zoltan"]
[Black "Hug, Werner"]
[Result "1/2-1/2"]
[WhiteElo "2605"]
[BlackElo "2445"]

1.c4 Nf6 2.Nc3 g6 3.g3 Bg7 4.Bg2 O-O 5.e4 c5 6.Nge2 Nc6 7.d3 Ne8 8.Be3 Nd4
9.O-O d6 10.Rb1 a5 11.h3 Bd7 12.f4 Rb8 13.a4 f5 14.Nb5 e5 15.Qd2 fxe4 16.dxe4 Be6  1/2-1/2

[Event "EUCup Gr1"]
[Site "Eupen"]
[Date "1994.??.??"]
[Round "1"]
[White "Ekstroem, Roland"]
[Black "Ribli, Zoltan"]
[Result "0-1"]
[WhiteElo "2430"]
[BlackElo "2605"]

1.e4 c5 2.Nf3 d6 3.c3 Nf6 4.Bd3 Nc6 5.Bc2 Bg4 6.d3 e6 7.h3 Bh5 8.Nbd2 Be7
9.Nf1 a6 10.Ng3 Bg6 11.Nh4 Nd7 12.Nhf5 exf5 13.exf5 d5 14.O-O O-O 15.fxg6 hxg6
16.d4 cxd4 17.cxd4 Re8 18.Bb3 Nb6 19.Re1 Qd7 20.Qd3 Nc4 21.Re2 Bd6 22.Bxc4 dxc4
23.Qxc4 b5 24.Qd3 Bxg3 25.fxg3 Nxd4 26.Rxe8+ Rxe8 27.Kh2 Re2  0-1

[Event "EUCup Gr1"]
[Site "Eupen"]
[Date "1994.??.??"]
[Round "2"]
[White "Ribli, Zoltan"]
[Black "Dickenson, Neil F"]
[Result "1-0"]
[WhiteElo "2605"]
[BlackElo "2290"]

1.Nf3 d6 2.g3 e5 3.Bg2 Nf6 4.c4 g6 5.Nc3 Bg7 6.d4 Nbd7 7.O-O O-O 8.e4 a6
9.Re1 h6 10.h3 exd4 11.Nxd4 Nc5 12.Be3 Re8 13.Qc2 Nh7 14.Rad1 Bd7 15.f4 Qc8
16.Kh2 g5 17.b4 Bxd4 18.Rxd4 Ne6 19.Rd2 Ng7 20.a4 Be6 21.c5 f5 22.Bd4 Bf7
23.Bxg7 Kxg7 24.cxd6 cxd6 25.Qb2 Kg8 26.Rxd6 Qc7 27.e5 Qxd6 28.exd6 Rxe1
29.Nd5 Rae8 30.d7 Rd8 31.Qc3 Re2 32.Nb6 Nf8 33.Qf6 Ne6 34.fxg5 hxg5 35.Kg1 f4
36.Bd5  1-0

[Event "EUCup Gr1"]
[Site "Eupen"]
[Date "1994.??.??"]
[Round "3"]
[White "Ribli, Zoltan"]
[Black "Arnason, Jon L"]
[Result "1/2-1/2"]
[WhiteElo "2605"]
[BlackElo "2525"]

1.Nf3 c5 2.c4 Nc6 3.Nc3 Nd4 4.e3 Nxf3+ 5.Qxf3 g6 6.g3 Bg7 7.Bg2 d6 8.Qd1 Nh6
9.d3 Nf5 10.Qd2 Rb8 11.b3 O-O 12.Bb2 a6 13.Nd5 e6 14.Nf4 b5 15.O-O Bb7 16.Rac1 Bxg2
17.Kxg2 Qe7 18.Bxg7 Kxg7 19.Qc2 Qb7+ 20.f3 e5 21.Nd5  1/2-1/2

[Event "GER CupT"]
[Site "Germany"]
[Date "1994.??.??"]
[Round "1"]
[White "Ribli, Zoltan"]
[Black "Borriss, Martin"]
[Result "1/2-1/2"]
[WhiteElo "2600"]
[BlackElo "2375"]

1.Nf3 Nf6 2.c4 g6 3.g3 Bg7 4.Bg2 O-O 5.d4 d6 6.O-O c6 7.b3 Bf5 8.Bb2 Nbd7
9.Nbd2 d5 10.Nh4 Be6 11.Re1 a5 12.e4 dxe4 13.Nxe4 Nxe4 14.Bxe4 a4 15.Qc2 axb3
16.axb3 Rxa1 17.Bxa1 Qb6 18.Nf3 Ra8 19.Kg2 Qa5 20.Bc3 Qh5 21.Ng1 Bf6 22.Qb2 Bf5
23.Bf3 Bg4 24.Ra1 Bxf3+ 25.Nxf3 Rxa1 26.Qxa1 Qf5 27.Qa8+ Nf8 28.Qxb7 Qe4
29.h4 h6 30.Qc8 g5 31.hxg5 hxg5 32.g4 e6 33.Bb4 Bg7 34.Qb8 Qxg4+ 35.Qg3 Qxg3+
36.Kxg3 f6 37.Bd6 Nd7 38.Ne1 Bf8 39.Bxf8 Kxf8 40.Nd3 Ke7 41.f4 gxf4+ 42.Kxf4 Kd6
43.b4 Nf8 44.Nc5 Nd7 45.Ne4+ Ke7 46.Nc3 Nb6 47.c5 Nd7 48.Ke4 Nb8 49.b5 cxb5
50.Nxb5 Nc6  1/2-1/2

[Event "Moscow ol (Men)"]
[Site "Moscow"]
[Date "1994.??.??"]
[Round "2"]
[White "Ribli, Zoltan"]
[Black "Markowski, Tomasz"]
[Result "1/2-1/2"]
[WhiteElo "2605"]
[BlackElo "2475"]

1.Nf3 Nf6 2.g3 b6 3.Bg2 Bb7 4.c4 e6 5.Nc3 Be7 6.d4 Na6 7.O-O O-O 8.Bf4 d6
9.a3 c5 10.d5 Nc7 11.e4 a6 12.b4 exd5 13.exd5 cxb4 14.axb4 b5 15.Nd2 Qd7
16.Rc1 Rfe8 17.h3 Qf5 18.Nde4 bxc4 19.Bxd6 Nfxd5 20.Bxe7 Nxc3 21.Nd6 Qe6
22.Rxc3 Bxg2 23.Kxg2 Rxe7 24.Re3 Qd5+ 25.Qxd5 Nxd5 26.Rxe7 Nxe7 27.Nxc4 Nd5
28.Rb1 Rb8 29.Ne5 Nxb4 30.Nd7 Rb5 31.Rc1 h5 32.Rc8+ Kh7 33.Nf8+ Kh6 34.Rc7 Rf5
35.Ra7 g5 36.Nd7 Kg7 37.g4 hxg4 38.hxg4 Rb5 39.Kf3 a5 40.Ke4 Nc6 41.Ra6 Rb4+
42.Kf5 Rb5+ 43.Ke4 Nb4 44.Ra7 Nc6  1/2-1/2

[Event "Moscow ol (Men)"]
[Site "Moscow"]
[Date "1994.??.??"]
[Round "9"]
[White "Kutirov, Rolando"]
[Black "Ribli, Zoltan"]
[Result "0-1"]
[WhiteElo "2330"]
[BlackElo "2605"]

1.d4 Nf6 2.c4 e6 3.Nf3 d5 4.e3 Nbd7 5.Nc3 c6 6.Qc2 Bd6 7.Bd2 O-O 8.O-O-O c5
9.Kb1 a6 10.cxd5 exd5 11.h3 b5 12.Be1 Bb7 13.g4 b4 14.Na4 Rc8 15.Nxc5 Bxc5
16.dxc5 d4 17.Qe2 Be4+ 18.Ka1 Nxc5 19.Nxd4 Bxh1 20.f3 Qd5 21.Bh4 Rfd8 22.Re1 Ne6
23.Nxe6 Bxf3  0-1

[Event "Moscow ol (Men)"]
[Site "Moscow"]
[Date "1994.??.??"]
[Round "10"]
[White "Ribli, Zoltan"]
[Black "Miladinovic, Igor"]
[Result "1/2-1/2"]
[WhiteElo "2605"]
[BlackElo "2500"]

1.c4 e6 2.Nc3 d5 3.d4 Nf6 4.Nf3 Be7 5.Bg5 O-O 6.e3 h6 7.Bxf6 Bxf6 8.Rc1 b6
9.cxd5 exd5 10.Be2 Bb7 11.b4 a6 12.Qb3 Qd6 13.O-O Nd7 14.Rfd1 Rfe8 15.Ne1 Bd8
16.b5 Nf6 17.bxa6 Bxa6 18.Bxa6 Rxa6 19.Nb5 Qd7 20.Nd3 Ra5 21.a4 c6 22.Ne5 Rxe5
23.dxe5 cxb5 24.axb5 Ne8 25.Qxd5 Qxd5 26.Rxd5 Be7 27.g3 Bc5 28.Rd8 Kf8 29.Rb8 Ke7
30.Rd1 Ra7 31.Rdd8 Nc7 32.Rh8 Nxb5 33.Rh7 g6 34.Rxh6 Nc7 35.h4 Ne6 36.h5 gxh5
37.Rxh5 Kd7 38.Kg2 Kc6 39.Rh1 Kd5 40.Rb1 Kxe5 41.R1xb6 Bxb6 42.Rxb6 Ra2 43.Rb5+ Kf6
44.Rb6 Kg7 45.Rb5 Rc2 46.Rb4 Nc5 47.Rd4 Nb3 48.Rg4+ Kf8 49.Rb4 Nd2 50.Rd4 Nc4
51.Kf1 Ke7 52.Re4+ Kd6 53.Rd4+ Ke5 54.Rf4 Nd6 55.Kg2 Rc4 56.Rxc4 Nxc4 57.Kf3 Kf5
58.g4+ Ke5 59.Ke2 Kd5 60.Kf3 Ke5 61.Ke2 Ke4 62.f3+ Kd5 63.Kf2 Ke6 64.Ke2 Ne5
65.Kf2 Kd5 66.Kg3 Ng6 67.Kf2 Kc4 68.f4 Kd3  1/2-1/2

[Event "Moscow ol (Men)"]
[Site "Moscow"]
[Date "1994.??.??"]
[Round "13"]
[White "Ribli, Zoltan"]
[Black "Mokry, Karel"]
[Result "1-0"]
[WhiteElo "2605"]
[BlackElo "2530"]

1.c4 e5 2.g3 Nc6 3.Bg2 g6 4.Nc3 Bg7 5.e4 d6 6.Nge2 Nge7 7.d3 O-O 8.O-O Be6
9.Nd5 Qd7 10.Be3 f5 11.Qd2 Rae8 12.Rac1 Rf7 13.b4 Nc8 14.b5 Nd8 15.exf5 Bxf5
16.Rfe1 Bh3 17.Bh1 c6 18.bxc6 bxc6 19.Ndc3 c5 20.Rb1 Kh8 21.Ne4 Rff8 22.N2c3 Ne6
23.Nd5 Ne7 24.Nxe7 Rxe7 25.Rb5 Nd4 26.Bxd4 exd4 27.Reb1 Bf5 28.Bg2 Bxe4 29.Bxe4 Qh3
30.Rb8 Ree8 31.Rxe8 Rxe8 32.Rb7 Bh6 33.Qa5  1-0

[Event "Tilburg rapid20"]
[Site "Tilburg"]
[Date "1994.??.??"]
[Round "1"]
[White "Ftacnik, Lubomir"]
[Black "Ribli, Zoltan"]
[Result "1/2-1/2"]
[WhiteElo "2570"]
[BlackElo "2605"]

1.c4 Nf6 2.Nf3 c6 3.d4 d5 4.Nc3 dxc4 5.a4 Bf5 6.Ne5 e6 7.f3 Bb4 8.Bg5 h6
9.Bh4 c5 10.dxc5 Qa5 11.Qd4 Bxc5 12.Qxc4 Nc6 13.Nxc6 bxc6 14.e4 Bg6 15.Rb1 Rb8
16.Bg3 Rb4 17.Qa6 Qxa6 18.Bxa6 Ke7 19.b3 Nh5 20.Bf2 Bxf2+ 21.Kxf2 f5 22.exf5 Bxf5
23.Rb2 Nf4 24.Na2 Rb6 25.Bc4 Bd3 26.Rd2 Bxc4 27.bxc4 Rd8 28.Rhd1 Rxd2+ 29.Rxd2 Rb2
30.Rxb2 Nd3+ 31.Ke3 Nxb2 32.Kd4 Nxa4 33.c5 e5+ 34.Kxe5 Nxc5 35.Nb4 Kd7 36.Kf5 a5
37.Nc2 Ne6 38.g3 c5 39.Kg6 Ke7 40.f4 Kf8 41.Na3 Kg8 42.Kf5 Nd4+ 43.Ke4 a4
44.Kd5 g5 45.fxg5 hxg5 46.Kxc5 Nf3 47.h4 gxh4 48.gxh4  1/2-1/2

[Event "AUT-chT2O 9596"]
[Site "AUT"]
[Date "1995.??.??"]
[Round "1"]
[White "Ribli, Zoltan"]
[Black "Rotstein, Arkadij"]
[Result "1/2-1/2"]
[WhiteElo "2590"]
[BlackElo "2445"]

1.Nf3 c5 2.c4 Nf6 3.Nc3 Nc6 4.g3 d5 5.cxd5 Nxd5 6.Bg2 Nc7 7.a3 e6 8.d3 Be7
9.Be3 e5 10.Rc1 Bd7 11.Nd2 b6 12.b4 cxb4 13.Na2 Nd4 14.Bxd4 exd4 15.Nxb4 O-O
16.Bxa8 Qxa8 17.Nf3 Nb5 18.Qb3 Nc3 19.Rxc3 dxc3 20.O-O Bxb4 21.Qxb4 Rc8 22.Rc1 c2
23.Ne1 Qd5 24.Rxc2 Re8 25.e4 Qh5 26.Rc7 Bh3 27.f3 Qe5 28.Rxa7 Qa1 29.Rc7 h6
30.Kf2 Ra8 31.Rc3 Qd1 32.Qb2 Rd8 33.Qc2 Qa1 34.g4 h5 35.Rc8 Qd4+ 36.Kg3 hxg4
37.Rxd8+ Qxd8 38.fxg4 Bf1 39.Kf2 Bh3 40.Qe2 Qh4+ 41.Kg1 Bxg4 42.Qf2 Qh6 43.d4 Qc1
44.d5 b5 45.Qg3 f5 46.Kf1 Qd1 47.exf5 Qe2+ 48.Kg1 Bxf5 49.d6 Bh3  1/2-1/2

[Event "AUT-chT2O 9596"]
[Site "AUT"]
[Date "1995.??.??"]
[Round "3"]
[White "Polak, Tomas"]
[Black "Ribli, Zoltan"]
[Result "1/2-1/2"]
[WhiteElo "2440"]
[BlackElo "2590"]

1.d4 Nf6 2.c4 e6 3.Nf3 d5 4.cxd5 exd5 5.Nc3 c6 6.Bg5 Bf5 7.e3 Nbd7 8.Bd3 Bxd3
9.Qxd3 Bd6 10.O-O O-O 11.Rab1 a5 12.a3 a4 13.b3 axb3 14.Rxb3 Ra7 15.a4 Re8
16.Qb1 Qb8 17.Bxf6 Nxf6 18.h3 Re7 19.Qc2 g6 20.Rfb1 Kg7 21.R1b2 h6 22.Qb1 Qa8
23.Qc2 Bc7 24.Nd2 Ba5 25.Ndb1 Qd8 26.Nd2 Ne8 27.Nf3 Nd6 28.Nd1 Bc7 29.Nd2 Qa8
30.Nc3 Ba5 31.Ra2 Qe8 32.Qd3 Ra8 33.Rb1 Nf5 34.Nb3 Bd8 35.a5 Nd6 36.Rba1 Nc4
37.e4 Bc7 38.e5 Qd8 39.a6 bxa6 40.Rxa6 Rxa6 41.Rxa6 Qb8 42.Nd2  1/2-1/2